logo

Bir Sreshtho Munshi Abdur Rouf Library
Jhenaidah Cadet College

A History of India : (Record no. 4476)

MARC details
000 -LEADER
fixed length control field 00669nam a2200241 a 4500
001 - CONTROL NUMBER
JCCL Control Number 4476
003 - CONTROL NUMBER IDENTIFIER
JCCL marc code BD-JhCC
005 - DATE AND TIME OF LATEST TRANSACTION
control field 20171127193109.0
008 - FIXED-LENGTH DATA ELEMENTS--GENERAL INFORMATION
fixed length control field 171127s1980 ii a|||| b||| 001 0 eng d
035 ## - SYSTEM CONTROL NUMBER
system control number (BD-JhCC)4476
040 ## - CATALOGING SOURCE
Original cataloging agency BD-JhCC
Modifying agency BD-JhCC
041 ## - LANGUAGE CODE
Language code of Book eng
082 ## - DEWEY DECIMAL CLASSIFICATION NUMBER
Classification number 954
Author mark and Year MAH 1980
100 ## - MAIN ENTRY--PERSONAL NAME
Personal name Mahajan, V. D.
245 ## - TITLE STATEMENT
Title A History of India :
Remainder of title Part I (Ancient India) /
Statement of responsibility, etc V. D. Mahajan,
250 ## - EDITION STATEMENT
Edition statement 1st Edi.
260 ## - PUBLICATION, DISTRIBUTION, ETC. (IMPRINT)
Place of publication, distribution, etc New Delhi :
Name of publisher, distributor, etc S. chand & Company Ltd.,
Date of publication, distribution, etc 1980.
300 ## - PHYSICAL DESCRIPTION
Pagination vii, 268 p. :
Other physical details illus.,
Dimensions 22 cm.
504 ## - BIBLIOGRAPHY, ETC. NOTE
Bibliography, etc Includes Bibliographical Reference and Index.
650 ## - SUBJECT ADDED ENTRY--TOPICAL TERM
Topical term or geographic name as entry element History
Geographic subdivision India
942 ## - ADDED ENTRY ELEMENTS (KOHA)
Source of classification or shelving scheme Dewey Decimal Classification
Koha item type Books
Holdings
Source of classification or shelving scheme volume number Damaged status Not for loan Home library Current library Shelving location Date of accession Cost, normal purchase price Total Checkouts Full call number Barcode Date last seen Copy number Koha item type
Dewey Decimal Classification V-1     JCC Rouf Library JCC Rouf Library General Stacks 11/27/2017 50.00   954 MAH 1980 6344 11/27/2017 C- 1 Books

JCC Library | Contacts | JCC Home

Last Update on 23 September 2017
Copyright @ 2017-2020 JCC Rouf Library
Rouf Library, Jhenidah Cadet College (JCC), Bangladesh